|
|
|
|
| LEADER |
00611nam a22001697a 4500 |
| 005 |
20151026130317.0 |
| 008 |
091015t xxu||||| |||| 00| 0 eng d |
| 020 |
|
|
|a 81-7824-116-1
|
| 080 |
|
|
|a 92(MANI)
|b MES
|
| 100 |
|
|
|a Mesthrie, Uma Dhupelia
|9 6958
|
| 245 |
|
|
|a Gandhi's prisoner?:
|b the life of Gandhi's son Manilal
|
| 260 |
|
|
|a New Delhi
|b Permanent Black
|c 2004
|9 6959
|
| 300 |
|
|
|a 419p.
|
| 653 |
|
|
|a Mahatma Gandhi
|a Biography-Manilal Gandhi
|a Gandhi's son-Manilal
|
| 942 |
|
|
|c BK
|6 _
|
| 999 |
|
|
|c 3002
|d 3002
|
| 952 |
|
|
|0 0
|1 0
|2 udc
|4 0
|6 92MANI_MES
|7 0
|9 13156
|a UL
|b UL
|d 2009-10-15
|o 92(MANI) MES
|p 00056606
|r 2009-10-15
|w 2009-10-15
|y BK
|